Le calendrier révolutionnaire - Statistiques

Statistiques générales
  • Ce quiz a été pris 52 fois
  • Le résultat moyen est 7 sur 12
Statistiques - réponses
Mois "normal" Mois "révolutionnaire" % Correct
Octobre Brumaire
83%
Janvier Pluviôse
66%
Février Ventôse
66%
Juillet Thermidor
59%
Août Fructidor
56%
Septembre Vendémiaire
56%
Mars Germinal
51%
Décembre Nivôse
51%
Avril Floréal
49%
Mai Prairial
46%
Novembre Frimaire
39%
Juin Messidor
39%
Aucun quiz correspondant
Distribution des résultats
% des personnes avec chaque résultat
Percentile par nombre de réponses
Votre historique - résultats
Vous n’avez pas pris ce quiz